| 000 | 01093cam a2200265 i 4500 | ||
|---|---|---|---|
| 005 | 20171212141853.0 | ||
| 008 | 131029s1987 pl a g |000 0 pol c | ||
| 035 | _axx002945999 | ||
| 039 | 9 |
_a201702201339 _bkopilwa _c201505241558 _dkopumk _c201312020135 _dVLOAD _c201311291134 _dbj _y201310291043 _zvbj |
|
| 040 |
_aKR U/AgP _cKR U/AgP _dKR U/KNs |
||
| 245 | 0 | 0 |
_aDOS-PC : _bdyskowy system operacyjny / _c[komputerowa red. tekstu J. A. Szaniawski] ; Instytut. Maszyn Matematycznych. |
| 250 | _aedycja 13.03. 1987. | ||
| 260 |
_aWarszawa : _bMikrokomputery Przedsiebiorstwo Handlowo-Produkcyjne, _c1987. |
||
| 300 |
_a[354] s. : _bil. ; _c24 cm. |
||
| 490 | 1 | _aBiblioteka MAZOVII : oprogramowanie - PC | |
| 650 |
_aMikrokomputery _vpodręczniki. |
||
| 650 |
_aSystemy operacyjne (informatyka) _vpodręczniki. |
||
| 650 |
_aPC DOS (system operacyjny) _vpodręczniki. |
||
| 700 | 1 |
_aSzaniawski, Jerzy Andrzej. _eRed. |
|
| 830 | 0 | _aBiblioteka MAZOVII | |
| 961 | _aWA_310 | ||
| 962 | _aKR_U | ||
| 968 | _aTOR_U | ||
| 999 |
_aVIRTUA40 _c18738 _d18738 |
||
| 999 | _aVTLSSORT0080*0400*2450*2500*2600*3000*4900*6500*6501*6502*7000*8300*9620*9992 | ||